| 000 | 01456nam a2200361 i 4500 | ||
|---|---|---|---|
| 001 | 000015478 | ||
| 003 | DO-SdBNP | ||
| 005 | 20260302123401.0 | ||
| 007 | ta | ||
| 008 | 100210s2007 dr 001 0 spa d | ||
| 020 | _a9789945020267 | ||
| 040 |
_aDO-SdBNP _bspa _cBNPHU _erda |
||
| 041 | _aspa | ||
| 082 | 4 |
_a305.42 _bH831e _222 |
|
| 100 | 1 |
_aHostos, Eugenio María de, _d1839-1903 _eautor _91352 _4aut. |
|
| 245 | 1 | 3 |
_aLa educación científica de la mujer / _cEugenio María de Hostos ; presentación y compilación, Ramonina Brea del Castillo. |
| 264 | 4 |
_aSanto Domingo, República Dominicana : _bArchivo General de la Nación, _c©2007. |
|
| 300 |
_a136 páginas ; _c24 cm. |
||
| 336 |
_ardacontent _btexto _2txt |
||
| 337 |
_ardamedia _bsin mediación _2n |
||
| 338 |
_ardacarrier _bvolumen _2nc |
||
| 490 | 1 |
_aArchivo General de la Nación _v43 |
|
| 504 | _aIncluye referencias bibliográficas y notas al pie de las páginas. | ||
| 590 | _aInventariado, 2025/DG | ||
| 650 | 4 |
_aEducación de la mujer _xEnsayos, conferencias, etc. _934957 |
|
| 650 | 4 |
_aDiscriminación sexual en educación _xEnsayos, conferencias, etc. _934958 |
|
| 650 | 4 |
_aMujeres _xCuestiones sociales y morales _911704 |
|
| 650 | 4 |
_aDerechos de la mujer _xEnsayos, conferencias, etc. _934959 |
|
| 700 | 1 |
_aBrea, Ramonina, _epresentador _98319 _4pr. |
|
| 830 | 0 |
_aArchivo General de la Nación _n43 _988853 |
|
| 910 | _aValidado. Control de calidad EMS | ||
| 942 |
_2ddc _cLBS1 |
||
| 999 |
_c15034 _d15034 |
||